=LDR 00000nam 2200000 4500 =001 INLIS000000000024935 =005 20201201075218 =035 ##$$a 0010-061300000024935 =008 201201################g##########0#ind## =041 ##$$a ind =082 ##$$a 330.02 =090 ##$$a 330.07, RAH e =100 1#$$a Winoto, Windu =245 1#$$a Ekonomi 3, Untuk Sekolah Menengah Umum SMU /$c Drs.Windu Winoto =260 ##$$a Surakarta :$b Pabean,$c 1996 =300 ##$$a vi, 168 hlm : $b ilus ; $c 27x19 cm =650 #4$$a Ekonomi-Studi Pengajaran =850 ##$$a NBPNMAT =084 ##$$a 330.02 WIN e =250 ##$$a ed.1 =990 ##$$a 93834/Pro.96 =990 ##$$a DW00012906 =990 ##$$a 00051562 =990 ##$$a DW00029779